000 01215nam a22003737a 4500
001 0003759
003 KOHA_MİRAKIL
005 20260207001347.0
007 ta
008 090415b1999 tu |||gr||||#||||0|tur |
020 _a9756812052
040 _aTR-BiSEU
_btur
_cTR-BiSEU
_erda
041 0 _atur
044 _ctu
050 _aHF5548.32
_b.H37 1999
100 1 _aHasıloğlu, Selçuk Burak.
245 1 _aEnformasyon toplumunda elektronik ticaret ve stratejileri/
_cSelçuk Burak Hasıloğlu ; Selçuk Burak Hasıloğlu.
264 1 _aİstanbul :
_bTürkmen kitabevi, 1999
_c1999
300 _a177 sayfa; 20 cm.
336 _ametin
_btxt
_2rdacontent
337 _aaracısız
_bn
_2rdamedia
338 _acilt
_bnc
_2rdacarrier
490 1 _aYayın no ;143.
490 1 _aEğitim dizisi ;
_v36.
500 _aKaynakça ve dizin var.
650 0 _aElectronic commerce.
_93152
650 0 _aBusiness enterprises--Computer networks.
_93179
650 0 _aInformation society.
_99152
650 0 _aInformation technology--Economic aspects.
_92261
650 0 _aInternet (Computer network).
_99061
830 1 _aYayın no ;143.
_99153
830 1 _aEğitim dizisi ;
_v36.
_94002
942 _2lcc
_cBK
999 _c3743
_d3743